Debilidad y fortaleza de los diseños institucionales /
Сохранить в:
| Главный автор: | |
|---|---|
| Формат: | Текст |
| Метки: |
Добавить метку
Нет меток, Требуется 1-ая метка записи!
|
MARC
| LEADER | 00000 a a2200000 04500 | ||
|---|---|---|---|
| 001 | 5141 | ||
| 003 | |||
| 040 | |||
| 100 | |a Artiga González, Alvaro | ||
| 245 | |a Debilidad y fortaleza de los diseños institucionales / |c Alvaro Artiga González | ||
| 773 | |g volumen 44, número 612; páginas 911-919 | ||
| 999 | |c 39379 |d 39379 | ||
